000 00569nam a2200181Ia 4500
008 151202s9999||||xx |||||||||||||| ||und||
082 _bPNVM-67416
100 _aकवि माावी.
245 _aसाठ महामानव.
260 _b"विद्याभारती प्रकाशन,लातूर."
260 _c67416
300 _a170
600 _aकवि माावी.
630 _aसाठ महामानव.
700 _aकवि माावी.
730 _aसाठ महामानव.
942 _cBOOK
999 _c1333945
_d1333942